Les Nicolas célèbres - Statistiques

Statistiques générales
  • Ce quiz a été pris 111 fois
  • Le résultat moyen est 5 sur 16
Statistiques - réponses
Par images Réponse % Correct
Nicolas Sarkozy
94%
Nicolas Copernic
73%
Le Tsar Nicolas II
71%
Saint Nicolas de Myre
65%
Nicolas Hulot
43%
Nicolas Mahut
40%
Nicolas Machiavel
29%
Nicolas Peyrac
28%
Nicolas Vanier
24%
Nicolas Fouquet
15%
Nicolas Poussin
15%
Nicolas Boileau
6%
Nicolas de Cues
2%
Nicolas Frantz
2%
Saint Nicolas de Flües
1%
Nicolas Gauthier
0%
Aucun quiz correspondant
Distribution des résultats
% des personnes avec chaque résultat
Percentile par nombre de réponses
Votre historique - résultats
Vous n’avez pas pris ce quiz